Al fin solos___ : la nueva televisión del Mercosur /

Esta es una obra colectiva de análisis de los fenómenos de privatización, concentración e internacionalización del sector de las comunicaciones, en particular de la TV en el cono sur de América: Argentina, Brasil y Uruguay. Los autores hacen un análisis de la fragmentación y la emergencia de nuevas...

Πλήρης περιγραφή

Αποθηκεύτηκε σε:
Λεπτομέρειες βιβλιογραφικής εγγραφής
Κύριος συγγραφέας: Albornoz, Luis A. (coordinación)
Άλλοι συγγραφείς: Bustamante, Enrique (prólogo) (prólogo)
Μορφή: Βιβλίο
Γλώσσα:Ισπανικά
Έκδοση: Buenos Aires, Argentina : La Crujía : CICCUS, 2000, c2000
Θέματα:
Ετικέτες: Προσθήκη ετικέτας
Δεν υπάρχουν, Καταχωρήστε ετικέτα πρώτοι!

MARC

LEADER 00000nam^a2200000^a^4500
001 000144703
005 20250521000000.0
009 20260310095810.851
020 |a 987-9355-04-4 
037 |a Acervo ITESO - Biblioteca 
041 |a ESP 
082 |a 302. 23401  |b ALB 
100 |a Albornoz, Luis A.  |e (coordinación) 
245 1 0 |a Al fin solos___ :  |b la nueva televisión del Mercosur /  |c Coord. de L.A. Albornoz ; pról. de E. Bustamante. 
264 4 |a Buenos Aires, Argentina :  |b La Crujía :  |b CICCUS,  |c 2000, c2000 
300 |a 289, [14] p. 
336 |a texto  |b txt  |2 rdacontenido 
337 |a sin mediación  |b n  |2 rdamedio 
338 |a volumen  |b nc  |2 rdasoporte 
520 |a Esta es una obra colectiva de análisis de los fenómenos de privatización, concentración e internacionalización del sector de las comunicaciones, en particular de la TV en el cono sur de América: Argentina, Brasil y Uruguay. Los autores hacen un análisis de la fragmentación y la emergencia de nuevas identidades sociales y de la convergencia de los sectores de la radiodifusión, las telecomunicaciones y la informática. 
649 |a XX 
650 |a Telenovelas -  |z Brasil -  |x Aspectos Económicos 
650 |a Estaciones de Televisión -  |z Argentina -  |x Aspectos Económicos 
650 |a Estaciones de Televisión -  |z Brasil -  |x Aspectos Económicos 
650 |a Estaciones de Televisión -  |z Uruguay -  |x Aspectos Económicos 
650 |a Publicidad en Televisión -  |z Argentina 
650 |a Publicidad en Televisión -  |z Brasil 
650 |a Publicidad en Televisión -  |z Uruguay 
650 |a Televisión por Cable 
650 |a Televisión -  |z Argentina -  |x Aspectos Económicos 
650 |a Televisión -  |z Brasil -  |x Aspectos Económicos 
650 |a Televisión -  |z Uruguay -  |x Aspectos Económicos 
650 |a Medios de Comunicación -  |z Argentina 
650 |a Medios de Comunicación -  |z Brasil 
650 |a Medios de Comunicación -  |z Uruguay 
650 |a Credibilidad (Medios de Comunicación) 
650 |a Industria Cultural -  |z Argentina 
650 |a Industria Cultural -  |z Brasil 
650 |a Industria Cultural -  |z Uruguay 
650 |a Política de Comunicación -  |z Argentina 
650 |a Política de Comunicación -  |z Brasil 
650 |a Política de Comunicación -  |z Uruguay 
650 |a Medios de Comunicación y Problemas Sociales 
650 |a Medios de Comunicación y Estado 
650 |a Privatización -  |z Argentina 
650 |a Privatización -  |z Brasil 
650 |a Privatización -  |z Uruguay 
650 |a Fusión de Empresas -  |z Argentina 
650 |a Fusión de Empresas -  |z Brasil 
650 |a Fusión de Empresas -  |y Uruguay 
650 |a Transnacionales 
650 |a Política Económica -  |z Argentina 
650 |a Política Económica -  |z Brasil 
650 |a Política Económica -  |z Uruguay 
650 |a Economía -  |z Argentina 
650 |a Economía -  |z Brasil 
650 |a Economía -  |z Uruguay 
700 |a Bustamante, Enrique  |e (prólogo) 
910 |a Fondo General 
920 |a Impresos - Libros 
930 |a Colección General 
905 |a 101 
901 |a 0500073641  |b IT1  |c ACC  |u 20250521 
902 |a https://opac.biblio.iteso.mx/vufind/Record/000144703